| 000 | 00495nam a2200193Ia 4500 | ||
|---|---|---|---|
| 005 | 20260429112214.0 | ||
| 008 | 260429s9999||||xx |||||||||||||| ||und|| | ||
| 020 | _a9788197531286 | ||
| 041 | _aEnglish | ||
| 082 |
_a333.79 _bGHO |
||
| 100 | _aGhosh, Santanu | ||
| 245 | 0 |
_aAdvanced energy materials / _cSantanu Ghosh |
|
| 250 | _a1st ed. | ||
| 260 |
_aNew Delhi : _bAne Books, _c2025. |
||
| 300 | _axviii, 202 p.; hb | ||
| 650 | _a Renewable resources | ||
| 650 | _aEnergy | ||
| 942 | _cTB | ||
| 999 |
_c52884 _d52884 |
||